| 000 | 00384nam a2200157Ia 4500 | ||
|---|---|---|---|
| 008 | 230711s9999||||xx |||||||||||||| ||und|| | ||
| 041 | _aENG | ||
| 082 |
_a621.3 _bFI-C |
||
| 100 | _aFidler,J.K | ||
| 245 | 0 | _aIntroductory circuit theory | |
| 250 | _a1st Ed. | ||
| 260 |
_c1988 _aNew York _bMcGraw-Hill Book Company |
||
| 300 | _a214 | ||
| 650 | _aElectrical Engineering | ||
| 942 | _cBK | ||
| 999 |
_c1977 _d1977 |
||